000 00910nam a2200193Ii 4500
003 JO-AjNU
008 230605s9999||||xx |||||||||||||| ||und||
040 _aJO-AjNU
_bara
_erda
_cJO-AjNU
041 _aara
050 1 4 _aQA76 2015
100 3 _aاعداد ليث العياصرة، انس العياصرة؛ اشراف محمد علي بني يونس ,
_eauthor
_958281
245 0 0 _aحوسبة نظام مجمع عيادات طبية = Computerization medical clinics complex system
264 3 1 _aعجلون: جامعة عجلون الوطنيه، 2015
300 _a39ص
_bمشروع تخرج جامعة عجلون الوطنيه ( عجلون ، الاردن) كلية تكنولوجيا المعلومات ، 2015
336 _atext
_btxt
_2rdacontent
337 _aunmediated
_bn
_2rdamedia
338 _avolume
_bnc
_2rdacarrier
650 4 _aمجمع عيادات طبية - مظام حوسبة
_958282
999 _aA26164
_c29732
_d29732